Agenturní zaměstnávání u nás a v Evropě

Podiel agentúrneho zamestnávania v rôznych hospodárskych sektoroch v Česku a v EÚ. Spolupráca agentúr s úradmi práce. EÚ úprava agentúrneho zamestnávania.

Salvato in:
Dettagli Bibliografici
Autore principale: Rezlerová, Jaroslava
Natura: Capitolo di libro
Lingua:ceco
Soggetti:
Tags: Aggiungi Tag
Nessun Tag, puoi essere il primo ad aggiungerne!!

MARC

LEADER 00000naa a2200000 4500
001 0167749
005 20231019120325.8
041 0 |a cze 
044 |a CZ 
245 1 0 |a Agenturní zaměstnávání u nás a v Evropě  |c Jaroslava Rezlerová 
520 |a Podiel agentúrneho zamestnávania v rôznych hospodárskych sektoroch v Česku a v EÚ. Spolupráca agentúr s úradmi práce. EÚ úprava agentúrneho zamestnávania. 
610 2 0 |a trh práce 
610 2 0 |a agentúry 
610 2 0 |a sprostredkovanie práce 
610 2 0 |a Česko 
610 2 0 |a Európa 
100 1 |a Rezlerová, Jaroslava